| 000 | 00656nas a2200229Ia 4500 | ||
|---|---|---|---|
| 001 | A07/R086-7082 [r000004277] | ||
| 003 | IT-MiCISF | ||
| 005 | 20230301110129.0 | ||
| 008 | 161014c99999999xx |||||||||||| ||und|| | ||
| 040 |
_aIT-MiCISF _cIT-MiCISF |
||
| 041 | _aitaliano | ||
| 100 |
_aDi Giovanni Alberto _959449 |
||
| 245 | 0 | _aAspetti bioetici della fecondazione umana in vitro | |
| 250 | _a"Medicina e morale", n. 2, aprile-giugno | ||
| 260 | _c1986 | ||
| 300 | _app. 368-387 | ||
| 500 | _abioetica, procreazione-artificiale, procreazione-responsabile | ||
| 650 |
_abioetica _956169 |
||
| 654 | _aarticolo | ||
| 942 |
_cCR _2ddc |
||
| 999 |
_c232520 _d232520 |
||
| 999 | _bSi | ||